| 000 | 00854nam a2200241 a 4500 | ||
|---|---|---|---|
| 003 | OSt | ||
| 005 | 20251112094319.0 | ||
| 008 | |||
| 020 | _a0961864427 (Paperback) | ||
| 040 |
_cNUST _aNUST _beng _dNUST _erda |
||
| 050 | _aREF HB61 SEP | ||
| 100 | 1 |
_aSeplaki, Les _eAuthor |
|
| 245 | 1 | 0 |
_aConcise dictionary and handbook of economics, finance and statistics for healthcare / _cLes Seplaki. |
| 260 |
_aNew York : _bProfessional Horizons Press, _c©1991. |
||
| 300 |
_a267 pages ; _c28 cm. |
||
| 336 |
_2rdacontent _atext _btxt |
||
| 337 |
_2rdamedia _aunmediated _bn |
||
| 338 |
_2rdacarrier _avolume _bnc |
||
| 504 | _a[ ] | ||
| 650 | 2 |
_aHealth Services _xeconomics _vDictionaries. |
|
| 650 | 2 |
_aHealth Services _xstatistics & numerical data. |
|
| 942 |
_cBOOKS _kREF HB _2lcc _hREF HB61 SEP _mSEP _n0 |
||
| 999 |
_c146063 _d146063 |
||